000 00789nam a22002297a 4500
003 UA-OsUOA
001 118182
007 ta
008 20160722b un ||||| |||| 00| 0 ukr d
090 _a016:37
_bК79
942 _cBK
040 _aUA-OsUOA
_bukr
_cUA-OsUOA
_dUA-OsUOA
245 _aВасиль Григорович Кремень - філософ, учений, освітянин, державний діяч
_bбіобібліографічний покажчик
_cред.: Р. С. Жданова, Є. К. Бабич
300 _a140 с.
955 _a1
041 _aukr
080 _a016:37
020 _a966-618-218-1
260 _aК.
_bЗнання
_c2006
650 7 _a01 Бібліографія і бібліографії. Каталоги
_2UDC
999 _c404234
_d404234